000 00504nam a22001937a 4500
003 NUST - PNEC
005 20170116180759.0
008 150410b xxu||||| |||| 00| 0 eng d
020 _a0195773845
040 _cLIBRARY
082 _a956 MAH
100 _92329
_aMahmud, S. F
245 _aA short history of Islam
_cMahmud, S. F
250 _a2th ed.
260 _aPakistan
_bKarachi
_cC 1988
300 _a427 . :
650 _92330
_aA short history of Islam
_xIslamic countries
942 _2ddc
_cBK
999 _c62863
_d62863